000 00912nam a2200229 a 4500
001 BRCA_706
005 20190320203120.0
008 030805s1987----mx-a---###---#000-0#spa-d
020 _a9683600999
050 4 _aNA5060
_b.B35 1987
100 1 _aBaird, Joseph Armstrong
_92325
245 1 0 _aLos retablos del siglo XVIII en el sur de España, Portugal y México
_cJoseph A. Baird ; traducción de Rebeca Barrera de Fraga.
260 _aMéxico
_bUNAM, Instituto de Investigaciones Estéticas
_c1987
300 _a445 p.
_bil.
_c23 cm.
440 0 _aEstudios de arte y estética
_n24
_92326
500 _aIncluye índice de láminas, índice de fotos, índice de croquis e índice de nombres
650 1 4 _aRetablos españoles
_ySiglo XVIII
_92327
650 1 4 _aRetablos portugueses
_ySiglo XVIII
_92328
650 1 4 _aRetablos mexicanos
_ySiglo XVIII
_92329
700 1 _aBarrera de Fraga, Rebeca
_92330
942 _2lcc
_cB
999 _c609
_d609